Biblioteca y Centro de Documentación

Manual de contabilidad pública (Registro nro. 50342)

Detalles MARC
000 -CABECERA
Longitud fija campo de control 01631nam a2200409 c 4500
001 - NÚMERO DE CONTROL
Número de control 50342
003 - IDENTIFICADOR DE NÚMERO DE CONTROL
Identificador del número de control ES-MaCES
005 - FECHA Y HORA DE LA ÚLTIMA TRANSACCIÓN
Fecha y hora de la última transacción 20240731040004.0
008 - CAMPO FIJO DE DESCRIPCIÓN FIJA--INFORMACIÓN GENERAL
Códigos de información de longitud fija   171214s2017 sp f o000 | spa d
017 ## - NÚMERO DE REGISTRO DE DERECHOS DE AUTOR Y DEPÓSITO LEGAL
Número de copyright o de depósito legal M 22345-2017
Agencia que asigna el número DL
020 ## - ISBN (INTERNATIONAL STANDARD BOOK NUMBER)
Número Internacional Normalizado para Libros (ISBN) 9788447608935 (MINHAFP)
020 ## - ISBN (INTERNATIONAL STANDARD BOOK NUMBER)
Número Internacional Normalizado para Libros (ISBN) 9788480083935 (IEF)
024 7# - OTROS IDENTIFICADORES
Número normalizado o código 169-17-142-7 (MINHAFP)
Fuente del número o código nipo
024 7# - OTROS IDENTIFICADORES
Número normalizado o código 173-17-015-X (IEF)
Fuente del número o código nipo
040 ## - FUENTE DE CATALOGACIÓN
Centro catalogador de origen ES-MaCES
Lengua de catalogación spa
Centro transcriptor ES-MaCES
245 00 - MENCIÓN DE TÍTULO
Título Manual de contabilidad pública
Resto del título : Plan General de Contabilidad Pública 2010
Mención de responsabilidad, etc. coordinación, María del Mar Fernández Rodríguez ; autores, Victoriana Andrés Miguélez ... [et al.]
250 ## - MENCIÓN DE EDICIÓN
Mención de edición 2ª ed. act
260 ## - PUBLICACIÓN, DISTRIBUCIÓN, ETC (PIE DE IMPRENTA)
Lugar de publicación, distribución, etc. Madrid
Nombre del editor, distribuidor, etc. Instituto de Estudios Fiscales
-- Ministerio de Hacienda y Función Pública, Subdirección General de Información, Documentación y Publicaciones
Fecha de publicación, distribución, etc. [2017]
300 ## - DESCRIPCIÓN FÍSICA
Extensión 641
Dimensiones 25 cm
490 1# - MENCIÓN DE SERIE
Mención de serie Manuales de la Escuela de la Hacienda Pública
541 ## - NOTA DE LA FUENTE INMEDIANTE DE ADQUISICIÓN
Forma de adquisición Compra
650 #4 - ASIENTO SECUNDARIO DE MATERIA--TÉRMINO DE MATERIA
Término de materia o nombre geográfico como elemento inicial contabilidad pública
9 (RLIN) 28074
650 #4 - ASIENTO SECUNDARIO DE MATERIA--TÉRMINO DE MATERIA
9 (RLIN) 28077
Término de materia o nombre geográfico como elemento inicial hacienda pública
650 #4 - ASIENTO SECUNDARIO DE MATERIA--TÉRMINO DE MATERIA
9 (RLIN) 28073
Término de materia o nombre geográfico como elemento inicial presupuesto nacional
650 #4 - ASIENTO SECUNDARIO DE MATERIA--TÉRMINO DE MATERIA
9 (RLIN) 26964
Término de materia o nombre geográfico como elemento inicial España
650 #4 - ASIENTO SECUNDARIO DE MATERIA--TÉRMINO DE MATERIA
9 (RLIN) 27088
Término de materia o nombre geográfico como elemento inicial contabilidad nacional
650 #4 - ASIENTO SECUNDARIO DE MATERIA--TÉRMINO DE MATERIA
9 (RLIN) 31233
Término de materia o nombre geográfico como elemento inicial 2010
650 #4 - ASIENTO SECUNDARIO DE MATERIA--TÉRMINO DE MATERIA
9 (RLIN) 29264
Término de materia o nombre geográfico como elemento inicial manual
653 10 - TÉRMINO DE INDEXACIÓN--NO CONTROLADO
Término no controlado Hacienda Pública
700 1# - ENCABEZAMIENTO SECUNDARIO--NOMBRE PERSONAL
Nombre de persona Fernández Rodríguez, María del Mar
9 (RLIN) 38798
Término indicativo de función coord.
700 1# - ENCABEZAMIENTO SECUNDARIO--NOMBRE PERSONAL
Nombre de persona Andrés Miguélez, Victoriana
9 (RLIN) 38799
710 2# - ENCABEZAMIENTO SECUNDARIO--NOMBRE CORPORATIVO
Nombre de entidad o nombre de jurisdicción como elemento inicial Instituto de Estudios Fiscales (Madrid)
Término indicativo de función ed.
9 (RLIN) 4158
710 1# - ENCABEZAMIENTO SECUNDARIO--NOMBRE CORPORATIVO
Nombre de entidad o nombre de jurisdicción como elemento inicial España
Unidad subordinada Ministerio de Hacienda y Función Pública
Término indicativo de función ed.
9 (RLIN) 38369
830 #0 - ENCABEZAMIENTO SECUNDARIO DE COLECCIÓN--TÍTULO UNIFORME
9 (RLIN) 32356
Título uniforme Manuales de la Escuela de la Hacienda Pública
902 ## - CES. TIPO DE DOCUMENTO
Tipodoc (006$c Sirtex) LIB Libro
942 ## - ELEMENTOS KOHA
Fuente de clasificaión o esquema Clasificación propia del CES
Koha [por defecto] tipo de item Monografías
Parte de clasificación Fiscalidad
Existencias
Número de registro Signatura completa Tipo de item de Koha
089760 SG-0.1.-104 Monografías
089761 DPT-13394 Monografías
© CES, Consejo Económico y Social de España 2021